| 000 | 00935nam a2200289 i 4500 | ||
|---|---|---|---|
| 003 | DO-SdBPM | ||
| 005 | 20251218075949.0 | ||
| 007 | ta | ||
| 008 | 240730s2015 sp abco 000 spa d | ||
| 020 | _a9788496368693 | ||
| 040 |
_aDO-SdBPM _bBPMSU _cspa _erda |
||
| 082 | 4 |
_aR036 _bP425L 2015 _222 |
|
| 245 | 3 |
_aEl pequeño Larousse ilustrado / _cdirección Tomás García |
|
| 264 |
_aBarcelona . : _bLarousse, _c2015 |
||
| 300 |
_a1824 páginas _bilustraciones, mapas, retratos, fotografías _c24 cm. |
||
| 336 |
_2rdacontent _atexto _btxt |
||
| 337 |
_2rdamedia _asin mediación _bn |
||
| 338 |
_2rdacarrier _avolumen _bnc |
||
| 590 | _aInventariado, 2025/ VMateo | ||
| 650 | 7 | _aEnciclopedias y diccionarios | |
| 650 | 7 |
_aEspañol _vDiccionarios |
|
| 650 | z | _aEncyclopedias and dictionaries | |
| 700 | 1 |
_aGarcía, Tomás _edirección |
|
| 710 | 2 | _aLarousse | |
| 910 | _aVMateo V. Control de calidad.BPMSU | ||
| 942 |
_cBK _2ddc |
||
| 999 |
_c15587 _d15587 |
||